Zakliaty hrad v Tatrách legendy, báje a povesti z Tatier

Bibliographic Details
Main Author: Marec, Anton, 1953-2021 (Author)
Other Authors: Cvacho, Igor, 1961- (Illustrator)
Format: Book
Language:Slovak
PhysicalDescription:115 strán ilustrácie 25 cm
Published: Martin Matica slovenská 1993
ISBN:8070902639
Edition:1. vyd.
Subjects:

MARC

LEADER 00000cam a2200000 a 4500
001 vtls001073762
003 SK-MaSNL
005 20260301182959.0
008 240226s1993 xo a gr 000 j slo
015 |a SNBA1994/01 
020 |a 8070902639  |q (viazané) 
035 |a SNK000016594 
040 |a SNK  |b slo  |c SNK  |e AACR2 
041 0 |a slo 
044 |a xo  |c SK 
072 7 |a 821.162.4  |x Slovenská literatúra  |2 konspekt 
080 |a 885.4-3(087.5)  |2 1981 
080 |a 821.162.4-34  |2 2011 
080 |a (0:82-343)  |2 2011 
100 1 |a Marec, Anton,  |d 1953-2021  |4 aut  |9 112978 
245 1 0 |a Zakliaty hrad v Tatrách  |b legendy, báje a povesti z Tatier  |c Anton Marec ; [ilustrácie Igor Cvacho] 
250 |a 1. vyd. 
260 |a Martin  |b Matica slovenská  |c 1993  |e Liptovský Mikuláš  |f TeLeM 
300 |a 115 strán  |b ilustrácie  |c 25 cm 
651 7 |a Tatry (Slovensko : región)  |2 SNPHgeo  |9 59212 
655 7 |a slovenské povesti  |2 SNKPH  |9 70638 
655 7 |a báje  |2 SNKPH  |9 75586 
655 7 |a legendy  |2 SNKPH  |9 70589 
700 1 |a Cvacho, Igor,  |d 1961-  |4 ill  |9 98617 
919 |a 80-7090-263-9 
954 |a beletria pôvodná (slovenská)  |2 lita 
958 |a LX 
958 |a TL 
958 |a OND 
958 |a EUIPO 
999 |c 855438  |d 857368 
952 |t P60, <04>, [BOOK], {604}  |a SNK  |b SNK  |y VYP  |7 0  |p 17A0053459  |o snkSC 84978 D1  |0 0  |1 0  |4 0  |d 1997-03-08  |l 0  |r 2004-12-31 00:00:00  |w 2026-02-24 
952 |a SNK  |b SNK  |y PREZ  |7 0  |p 17A0996373  |o snkSC 84978  |i snkKSP 403/94  |0 0  |1 0  |4 0  |d 2012-08-15  |f 1  |l 0  |r 2025-08-27 00:00:00  |w 2026-02-24 
952 |a SNK  |b SNK  |y PREZ  |7 0  |p 17A0254935  |o snkSC 84978 D2  |i snkD 924/94  |0 0  |1 0  |4 0  |d 2018-03-20  |l 0  |r 2026-02-24 04:54:59  |w 2026-02-24 
952 |a SNK  |b SNK  |y PREZ  |7 0  |p 17A0254424  |o snkSC 84978 D3  |i snkD 925/94  |0 0  |1 0  |4 0  |d 2018-03-20  |l 0  |r 2026-02-24 04:54:59  |w 2026-02-24 
952 |a SNK  |b SNK  |y VYP  |7 0  |p 17A0254668  |o snkSC 84978 D4  |i snkD 926/94  |0 0  |1 0  |4 0  |d 2018-03-20  |l 0  |r 2026-02-24 04:54:59  |w 2026-02-24